000 00768nam a2200217Ii 4500
003 JO-AjNU
008 230605s9999||||xx |||||||||||||| ||und||
017 _a1998/6/673
040 _aJO-AjNU
_bara
_erda
_cJO-AjNU
041 _aara
050 1 4 _aHJ9741 1998
100 3 _aتأليف: طاهر، ابراهيم محمد علي / م.مشارك: ماهر موسى العبيدي، موسى محمد موسى علاوين,
_eauthor
_930498
245 0 0 _aالمحاسبة الحكومية
250 _aط1
264 3 1 _aعمان: مكتبة الدار الشامية، 1998
300 _a181ص
336 _atext
_btxt
_2rdacontent
337 _aunmediated
_bn
_2rdamedia
338 _avolume
_bnc
_2rdacarrier
650 4 _aالمحاسبة الحكومية
_930499
999 _aA12097
_c15665
_d15665